Statistics for Initial D Racing Teams

Click here to take the quiz!

General Stats

  • This quiz has been taken 126 times
  • The average score is 9 of 16

Answer Stats

Hint/Home CourseRacing Team% Correct
Considered one of the worst teams in Initial D, drivers close friends to Takumi, and full of lonely drivers; Home Course AkinaAkina SpeedStars
94%
An elite racing team formed by Ryosuke Takahashi to challenge other teams in different mountain passes in the Gunma Prefecture; Home Course AkagiAkagi Red Suns
91%
A team full of aggressive drivers, both drivers wanted to defeat takumi to prove something, ended up crashing when racing; Home Course MyogiMyogi Night Kids
91%
A out-of-prefecture racing team that challenges the locals and break their fastest time attack run formed by Ryosuke Takahashi; Home Course Akina/AkagiProject Dream
84%
A Lan-Evo team that invaded Gunma that almost defeated everyone, leader has a grudge against Ryosuke for breaking his winning streak; Home Course IrohazakaTeam Emperor
80%
A Two-Person team that drives a Sileighty, fastest on their mountain pass; Home Course UsuiImpact Blue
71%
A racing team with leaders known as "God Hand" and "God Foot", driving an R34 and S2000; Home Course TsukubaPurple Shadow
52%
A racing school full of expert drivers, most of them turning pro; Home Course Enna Skyline/HappogaharaTodo Juku
47%
The fastest racing team in South Kanto, and a member has a grudge against Ryosuke for Kaori's Suicide; Home Course Tsubaki Line/Toyo Tires TurnpikeSidewinder
46%
First named team to face Project D, drivers using an MX-5 and R34, downhiller ended up crashing; Home Course MomijiSeven Star Leaf
45%
A racing team that believes that tuning a car to get the max potential of it's driver is key; Home Course HakoneTeam Spiral
36%
A defense team in Saitama consisting a roster of an AE86, FD3S,Altezza, and Cappuccino; Home Course Maze Pass/SadamineNorthern Saitama Alliance
32%
A racing team in Kanagawa with a roster consisting of an Evo 7 and NB8C Roadster, only team with numbers as their names; Home Course YabitsuTeam 246
31%
A professional racing team consisting of a roster with ZZW30 and Supra; Home Course NagaoR.T Katagiri
28%
A mostly unknown team that lost every race they went up against, anime exclusive; Home Course unkownThunder Fire
26%
A racing team duo driving an Evo 6 and Evo 5, threatened D with violence and called in a gang to beat them up; Home Course TsuchisakaSaitama Lan Evo Team
9%

Score Distribution

Percentile by Number Answered

Percent of People with Each Score

Your Score History

You have not taken this quiz